Конституционен съд (Запис номер 16705)
[ съкратено ]
| 000 -Лидер | |
|---|---|
| Контролно поле с фиксирана дължина | 03160nam a2200469 c 4500 |
| 003 - Код на организацията, давaща контролен номер | |
| Контролно поле | BLK |
| 005 - Дата и час на последна редакция | |
| Контролно поле | 20180422094806.0 |
| 008 - Елементи от данни с фиксирана дължина | |
| fixed length control field | 180413b bul|||||r ||||||| ||bul|| |
| 010 ## - Наследен системен номер | |
| LC control number | KNG00018604000 |
| 020 ## - Международен стандартен номер на книга ISBN | |
| Международен стандартен номер на книга ISBN | 954-520-110-Х |
| -- | издат.: Отворено о-во |
| 040 ## - Източник на каталожния запис | |
| Идентификатор на билиотеката - собственик на записа | BLK |
| 041 ## - Код за език | |
| Код за езика на текст/звукозапис или на отделно заглавие | Български |
| Код за езика КДБФ | Български |
| 080 ## - УДК | |
| Текстов определител УДК | Съдоустройство. Организация на съдилищата - съдебен език, компетенция на съдилищата, видове съдълища:Конституционен, върховен, апелационен, касационен, от първа и втора инстанция, окръжен, гр |
| УДК код - определител по УДК | 347.97/.99 |
| УДК определител | (497.2)(094.9) |
| УДК - код + определител | 347.97/.99(497.2)(094.9) |
| 080 ## - УДК | |
| Текстов определител УДК | Основни задачи на общественото управление |
| УДК код - определител по УДК | 351 |
| УДК определител | :342(497.2)(094.9) |
| УДК - код + определител | 351:342(497.2)(094.9) |
| 100 1# - Редна дума - Автор | |
| Автор | Неновски, Нено Колев |
| Авторска отговорност | първи автор |
| R(LIN) | 363905 |
| 139 ## - Редно поле | |
| Редна дума | България. Конституционен съд |
| Авторски знак | Бъл - Б 92 |
| 245 10 - Сведения за заглавието | |
| Заглавие | Конституционен съд |
| Подзаглавни данни | Юриспруденция 1991-1996 |
| Редно поле (дума) | Нено Колев Неновски; Евгени Петров Танчев; Емилия Александрова Друмева; Снежана Начева; Мариана Карагьозова-Финкова; Мария Козарева Славова; Румяна Петрова Коларова; Маргарита Модева. |
| 257 ## - Страна на издаване | |
| Страна на създаване/издаване | България |
| 260 ## - Област на издателските данни | |
| -- | София |
| Име на издателя, разпространителя и проч. | Отворено о-во |
| Година на издаване | 1997 |
| 300 ## - Физическа характеристика | |
| Страници | 659 с. |
| Размери/Мащаб | 22 см |
| 380 ## - Жанр | |
| Жанр | Обществени науки |
| 500 ## - Общи забележки | |
| Забележка | Деп. списък: 36 Други авт.: Е. Танчев, Е. Друмева, Сн. Начева, М. Карагьозова-Финкова, М. К. Славова, Р. Коларова, отбеллязани на с. 2. - 4 050 тир. - Библиогр. с. 605-606 ; Предм. показалец, Показалец на решенията и определенията на Конституционния съд по темат. единици / М. Модева. |
| 650 #4 - Допълнително описание по предмет – тема | |
| Основно описание – тема или топоним | Конституционен съд - България - нормативни актове |
| 9 (RLIN) | 245247 |
| 650 #4 - Допълнително описание по предмет – тема | |
| Основно описание – тема или топоним | Конституционно право - България - законодателни и директивни материали |
| 9 (RLIN) | 261356 |
| 651 #4 - Допълнително описание по предмет - топоним | |
| Географско понятие | България |
| 9 (RLIN) | 241624 |
| 653 ## - Ключова дума – ненормативна | |
| Ключова дума | Конституционен съд |
| 653 ## - Ключова дума – ненормативна | |
| Ключова дума | нормативни документи |
| 653 ## - Ключова дума – ненормативна | |
| Ключова дума | България |
| 700 1# - Други автори (авторска отговорност) | |
| Лично име | Танчев, Евгени Петров |
| 9 (RLIN) | 242339 |
| 700 1# - Други автори (авторска отговорност) | |
| Лично име | Друмева, Емилия Александрова |
| 9 (RLIN) | 364300 |
| 700 1# - Други автори (авторска отговорност) | |
| Лично име | Начева, Снежана |
| 9 (RLIN) | 261352 |
| 700 1# - Други автори (авторска отговорност) | |
| Лично име | Карагьозова-Финкова, Мариана |
| 9 (RLIN) | 365063 |
| 700 1# - Други автори (авторска отговорност) | |
| Лично име | Славова, Мария Козарева |
| 9 (RLIN) | 261353 |
| 700 1# - Други автори (авторска отговорност) | |
| Лично име | Коларова, Румяна Петрова |
| 9 (RLIN) | 261354 |
| 700 1# - Други автори (авторска отговорност) | |
| Лично име | Модева, Маргарита |
| 9 (RLIN) | 261355 |
| 710 1# - Име на организация или юридическо лице като допълнителен термин за търсене | |
| Наименование на организация или юридическо лице като редна дума | България. Конституционен съд |
| 9 (RLIN) | 245246 |
| 852 ## - Местоположение | |
| Форматна сигнатура | Цб 194165 |
| 856 4# - Електронен адрес и достъп | |
| Електронен формат | pdf - файл |
| Път до файла /url/ | |
| 856 4# - Електронен адрес и достъп | |
| Електронен формат | pdf - файл |
| Път до файла /url/ | |
| 942 ## - АРТИКУЛИ | |
| Вид на библиотечния материал | Книги |
| Скрит в OPAC | Не |
| 944 ## - СЪЗДАВАНЕ И РЕДАКЦИЯ на ЗАПИСА | |
| Създаване/Редакция | Създаване |
| Дата на регистрацията/редакция | 15.01.2003 |
| Служител, извършил регистрацията/редакцията | AB_DOS |
| 944 ## - СЪЗДАВАНЕ И РЕДАКЦИЯ на ЗАПИСА | |
| Създаване/Редакция | Редакция |
| Дата на регистрацията/редакция | 12.11.2014 |
| Служител, извършил регистрацията/редакцията | Правда_Бадева |
| 999 ## - СИСТЕМНИ КОНТРОЛНИ НОМЕРА | |
| Koha biblionumber | 16705 |
| Koha biblioitemnumber | 16705 |
| Код за отписване | Код за изгубен артикул | Източник на класификационната схема | Код за повреда | Коз за рестрикции | Код за отдаване | Артикулен № | Име на библиотеката - собственик | Име на библиотеката, в която се намира в момента | Статус (Текущо местоположение) | Дата на вписване в системата | Местоположение - отдел | Цена в лева | Инвентарен номер | Систематично азбучна сигнатура | Баркод | Номер на екземпляра | Цена в евро | Служебен тип на артикула |
|---|---|---|---|---|---|---|---|---|---|---|---|---|---|---|---|---|---|---|
| Не е изгубен | Universal Decimal Classification | Не е повреден | без рестрикции | ползва се в читалня | 28146 | Регионална библиотека "Любен Каравелов" Русе | Регионална библиотека "Любен Каравелов" Русе | Хранилище | 2001-01-01 | Хранилище | 0.00 | 635761 | Цб 194165 | 120000635761 | 1 | 0.00 | Книги |